[Event "FRA-chT2D 0506"]
[Site "France"]
[Date "2006.02.05"]
[Round "7.7"]
[White "Sar, Frederic"]
[Black "Kempenich, Jean Michel"]
[Result "0-1"]
[WhiteElo "2137"]
[BlackElo "2095"]
[PlyCount "126"]
[EventDate "2005.10.27"]
[EventType "team-tourn"]
[EventRounds "11"]
[EventCountry "FRA"]
[SourceTitle "EXT 2006"]
[Source "ChessBase"]
[SourceDate "2005.11.24"]
[SourceVersion "1"]
[SourceVersionDate "2005.11.24"]
[SourceQuality "1"]
[WhiteTeam "Metz Fischer"]
[BlackTeam "Paris NAO II"]
[WhiteTeamCountry "FRA"]
[BlackTeamCountry "FRA"]

1. f4 Nf6 2. Nf3 g6 3. e3 Bg7 4. Be2 d5 5. 0-0 0-0 6. d3 c5 7. Qe1 Nc6 8. Qh4 Qd6 9. Nc3 Bg4 10. h3 Bxf3 11. gxf3 Nb4 12. Bd1 d4 13. Ne4 Nxe4 14. fxe4 dxe3 15. e5 Qc7 16. Bxe3 f6 17. a3 Nd5 18. Bd2 fxe5 19. fxe5 Rxf1+ 20. Kxf1 Qxe5 21. Bg4 Ne3+ 22. Bxe3 Qxe3 23. Re1 Qf4+ 24. Kg2 Qf6 25. Qxf6 Bxf6 26. a4 Rd8 27. Re4 Kg7 28. b4 b6 29. a5 Rd6 30. axb6 axb6 31. Re6 Rd4 32. Re4 Rxe4 33. dxe4 cxb4 34. Be6 Bd4 35. Kf3 Kf6 36. Bd7 Ke5 37. Be8 Bg1 38. Bf7 Bc5 39. Be8 Kd4 40. Bf7 Kc3 41. Bb3 Bd6 42. Kg4 Kd4 43. Kf3 Be5 44. Bf7 Bf6 45. Be6 Bg5 46. Bf7 Bc1 47. Be6 Kc3 48. Bb3 h6 49. Kg4 Bd2 50. Kf3 h5 51. Kg3 g5 52. Kf3 b5 53. Kg3 Bf4+ 54. Kf3 e5 55. Kf2 g4 56. hxg4 hxg4 57. Kg2 Kd4 58. Bd5 Ke3 59. Be6 Kxe4 60. Bxg4 Ke3 61. Be6 Kd2 62. Bf5 Kc3 63. Be4 b3 0-1

[Event "FRA-chT2D 0506"]
[Site "France"]
[Date "2006.01.15"]
[Round "6.4"]
[White "Wantiez, Fabrice"]
[Black "Sar, Frederic"]
[Result "1-0"]
[WhiteElo "2255"]
[BlackElo "2137"]
[PlyCount "79"]
[EventDate "2005.10.27"]
[EventType "team-tourn"]
[EventRounds "11"]
[EventCountry "FRA"]
[SourceTitle "EXT 2006"]
[Source "ChessBase"]
[SourceDate "2005.11.24"]
[SourceVersion "1"]
[SourceVersionDate "2005.11.24"]
[SourceQuality "1"]
[WhiteTeam "Evry II"]
[BlackTeam "Metz Fischer"]
[WhiteTeamCountry "FRA"]
[BlackTeamCountry "FRA"]

1. e4 c5 2. Nf3 e6 3. d4 cxd4 4. Nxd4 Nc6 5. Nc3 Qc7 6. g3 d6 7. Bg2 Be7 8. 0-0 a6 9. Re1 Bf6 10. Be3 Bd7 11. Nxc6 Bxc6 12. Nd5 Bxd5 13. exd5 e5 14. a4 Ne7 15. a5 0-0 16. Bb6 Qd7 17. c4 Ng6 18. b4 Bd8 19. Be3 f5 20. c5 f4 21. c6 Qf5 22. Bb6 f3 23. Bf1 Bxb6 24. axb6 Nf4 25. Re3 e4 26. Qb1 Rf6 27. Qxe4 Nh3+ 28. Bxh3 Qxh3 29. Rxf3 Rh6 30. cxb7 Rb8 31. Qe7 Qxh2+ 32. Kf1 Qh3+ 33. Ke2 Qg4 34. Rc1 Rf6 35. Rc8+ Rxc8 36. bxc8Q+ Qxc8 37. Rxf6 Qc4+ 38. Kf3 gxf6 39. Qe6+ Kf8 40. b7 1-0

[Event "FRA-chT2D 0506"]
[Site "France"]
[Date "2005.11.20"]
[Round "3.5"]
[White "Reinhart, Emmanuel"]
[Black "Sar, Frederic"]
[Result "1-0"]
[WhiteElo "2205"]
[BlackElo "2143"]
[PlyCount "57"]
[EventDate "2005.10.27"]
[EventType "team-tourn"]
[EventRounds "11"]
[EventCountry "FRA"]
[SourceTitle "EXT 2006"]
[Source "ChessBase"]
[SourceDate "2005.11.24"]
[SourceVersion "1"]
[SourceVersionDate "2005.11.24"]
[SourceQuality "1"]
[WhiteTeam "Selestat"]
[BlackTeam "Metz Fischer"]
[WhiteTeamCountry "FRA"]
[BlackTeamCountry "FRA"]

1. e4 c5 2. Nf3 e6 3. d4 cxd4 4. Nxd4 Nc6 5. Be3 Qc7 6. Nc3 a6 7. Qd2 Nf6 8. 0-0-0 Bb4 9. f3 Ne7 10. Nde2 d5 11. Bg5 dxe4 12. Bxf6 gxf6 13. Qd4 Bxc3 14. Nxc3 e5 15. Qxe4 f5 16. Qh4 Be6 17. g4 Ng6 18. Qf2 Qa5 19. gxf5 Bxf5 20. Rd5 Qc7 21. Rc5 Qd7 22. Nd5 Qd6 23. Nc7+ Ke7 24. Nxa8 Rxa8 25. Rc3 b6 26. Bd3 Bxd3 27. Rxd3 Qe6 28. Rhd1 Qxa2 29. Qxb6 1-0

[Event "FRA-chT2D 0506"]
[Site "France"]
[Date "2005.11.19"]
[Round "2.3"]
[White "Sar, Frederic"]
[Black "Drabke, Lorenz Maximilian"]
[Result "0-1"]
[WhiteElo "2143"]
[BlackElo "2405"]
[PlyCount "104"]
[EventDate "2005.10.27"]
[EventType "team-tourn"]
[EventRounds "11"]
[EventCountry "FRA"]
[SourceTitle "EXT 2006"]
[Source "ChessBase"]
[SourceDate "2005.11.24"]
[SourceVersion "1"]
[SourceVersionDate "2005.11.24"]
[SourceQuality "1"]
[WhiteTeam "Metz Fischer"]
[BlackTeam "Mulhouse"]
[WhiteTeamCountry "FRA"]
[BlackTeamCountry "FRA"]

1. d4 d5 2. c4 c6 3. Nc3 dxc4 4. e4 b5 5. a4 b4 6. Na2 Nf6 7. e5 Nd5 8. Bxc4 Bf5 9. Ne2 e6 10. 0-0 Nd7 11. Ng3 Bg6 12. f4 Be7 13. f5 exf5 14. Nxf5 0-0 15. Qf3 N7b6 16. Bb3 a5 17. Qg4 c5 18. Nxe7+ Qxe7 19. Bg5 Qc7 20. Bxd5 Nxd5 21. e6 f6 22. Bd2 c4 23. Rae1 Rfe8 24. Nc1 Ra6 25. h4 Bc2 26. Qh5 Rd8 27. Rf3 Qe7 28. Qg4 Rdd6 29. Ref1 Bxa4 30. Ne2 Qxe6 31. Qxe6+ Rxe6 32. Nf4 Nxf4 33. Rxf4 Bc6 34. Rf5 Rd6 35. Ra1 Rxd4 36. Bxb4 Rxh4 37. Raxa5 Rxa5 38. Bxa5 Rg4 39. Rf2 h5 40. Bc7 Kf7 41. Kh2 Ke6 42. Rc2 Be4 43. Rd2 g5 44. g3 Bd5 45. Rf2 h4 46. gxh4 Rxh4+ 47. Kg3 f5 48. Rd2 f4+ 49. Kf2 Rh2+ 50. Ke1 Rxd2 51. Kxd2 Kf5 52. Ke2 g4 0-1

[Event "Metz op 20th"]
[Site "Metz"]
[Date "2002.04.19"]
[Round "7"]
[White "Sar, Frederic"]
[Black "Murey, Jacob"]
[Result "0-1"]
[WhiteElo "2164"]
[BlackElo "2487"]
[PlyCount "40"]
[EventDate "2002.04.13"]
[EventType "swiss"]
[EventRounds "9"]
[EventCountry "FRA"]
[SourceTitle "CBM 087 Extra"]
[Source "ChessBase"]
[SourceDate "2002.05.03"]
[SourceVersion "2"]
[SourceVersionDate "2002.08.09"]
[SourceQuality "1"]

1. d4 Nf6 2. c4 g6 3. Nc3 Bg7 4. e4 d6 5. Nge2 0-0 6. Ng3 Nc6 7. Be2 e5 8. d5 Nd4 9. Be3 c5 10. dxc6 bxc6 11. 0-0 h5 12. f3 h4 13. Nh1 Nh5 14. Nf2 Nf4 15. Nd3 Nfe6 16. c5 dxc5 17. f4 Ba6 18. Nc1 Nxe2+ 19. N1xe2 exf4 20. Bd2 Rb8 0-1